01477nam a2200361 a 4500001001000000003000500010005001700015008004100032010001100073011001100084040000900095090001000104100003500114245013800149260004100287500006000328502006400388590003700452590004100489590004000530590004000570650003600610650003800646650003700684856001600721856007000737901000700807942001000814942000600824999001900830952013100849952013500980000113164CHAP20220329144341.0170508s2017 mx sm |||||||spa d a109625 a110597 cCHAP aTesis1 aAchiquen Millán, Jimena955613aLa apicultura en la Ciudad de México y el agroturismo como opción para su desarrolloh[En línea]cpor Jimena Achiquen Millán. aChapingo, Méx. :bEl autor,c2017. aPara ver el contenido del material haga clic en la liga aTesis (M. en Estrategia Agroempresarial) -- UACH. CIESTAAM. aBATCHb00c20181121lUCH01h0758 aE11695DGDb10c20170511lUCH01h1029 aE5765TAJb05c20170508lUCH01h0835 aE5765TAJb05c20170508lUCH01h083514aApicultura sustentable.913048714aApiculturaxMéxico (Edo.)9626914aApiculturaxRendimiento.9128535 a1 n0000023 aFinding aiduhttp://10.13.5.2/tesis/sist113164.pdfzTeclea aquí aBK cTESIS n0 c109625d109625 00104054718TESISaBCbBCd2017-05-08fTESISl0oTesisp113166-10r2019-12-31 00:00:00w2019-12-31yTESISzRecien adquirido 00102local4053708TESISaBCbBCcPA_TESISd2017-05-08fTESISl0oTesisp113166-20r2019-12-31 00:00:00tc.2w2019-12-31yTESIS